| 000 | 00572nam a2200193 a 4500 | ||
|---|---|---|---|
| 001 | 19843 | ||
| 003 | CO-ViMGA | ||
| 008 | 141112s2004 ck r 000 u spa d | ||
| 020 | _a84316334316 | ||
| 040 |
_aCO-ViMGA _bspa _cCO-ViMGA |
||
| 082 | 0 | 4 | _a658.9161 G377 |
| 100 | 1 |
_aCuervo, J.l. (et al) _928769 |
|
| 245 | 1 | 0 |
_aGestión de hospitales : _bnuevos instrumentos y tendencias |
| 260 |
_aBarcelona : _bVicens Vives, _c1994 |
||
| 300 | _a359 p. | ||
| 590 | _aForma de adquisición : Premio Mincultura | ||
| 650 | 1 | 4 |
_aHOSPITALES - ADMINISTRACION _948739 |
| 942 |
_2ddc _cBK |
||
| 999 |
_c28970 _d28970 |
||